L'Expérience française du financement privé des équipements publics / (Registro nro. 12079)

Detalles MARC
000 -LEADER
fixed length control field 01278nam a2200301 a 4500
001 - CONTROL NUMBER
control field 1131142
003 - CONTROL NUMBER IDENTIFIER
control field OSt
005 - DATE AND TIME OF LATEST TRANSACTION
control field 20210803123624.0
008 - FIXED-LENGTH DATA ELEMENTS--GENERAL INFORMATION
fixed length control field 940404s1993 fr a b 000 0 fre
010 ## - LIBRARY OF CONGRESS CONTROL NUMBER
LC control number 94140575
020 ## - INTERNATIONAL STANDARD BOOK NUMBER
International Standard Book Number 2717825223
040 ## - CATALOGING SOURCE
Original cataloging agency DLC
Transcribing agency CO-JMR
041 0# - LANGUAGE CODE
Language code of text/sound track or separate title fre
082 04 - DEWEY DECIMAL CLASSIFICATION NUMBER
Classification number 330 /
Item number M383l
Edition number 23
100 1# - MAIN ENTRY--PERSONAL NAME
Personal name Martinand, Claude,
Relator term autor
9 (RLIN) 27238
245 12 - TITLE STATEMENT
Title L'Expérience française du financement privé des équipements publics /
Statement of responsibility, etc. sous la direction de Claude Martinand ; contribution, Yves Amsler ; coordination, Annick Jaouen, Oleg Kraïowsky-Koukel.
260 ## - PUBLICATION, DISTRIBUTION, ETC.
Place of publication, distribution, etc. Paris :
Name of publisher, distributor, etc. Economica,
Date of publication, distribution, etc. 1993.
300 ## - PHYSICAL DESCRIPTION
Extent 194 páginas :
Other physical details ilustración y gráficas en blanco y negro ;
Dimensions 24 cm.
504 ## - BIBLIOGRAPHY, ETC. NOTE
Bibliography, etc. note Bibliografía : páginas 189-191.
505 0# - FORMATTED CONTENTS NOTE
Formatted contents note Les principes: Histoire, économie, régulation. -- Les enjeux: Financement, évaluation. -- L'expérience des grands réseaux d'infrastructures
650 14 - SUBJECT ADDED ENTRY--TOPICAL TERM
Topical term or geographic name entry element Municipal services
Geographic subdivision France
General subdivision Finance.
9 (RLIN) 39019
650 24 - SUBJECT ADDED ENTRY--TOPICAL TERM
Topical term or geographic name entry element Infrastructure (Economics)
Geographic subdivision France
General subdivision Finance.
9 (RLIN) 39020
700 1# - ADDED ENTRY--PERSONAL NAME
Personal name Martinand, Claude.
Relator term coautor
9 (RLIN) 27238
700 1# - ADDED ENTRY--PERSONAL NAME
Personal name Amsler, Yves.
Relator term coautor
9 (RLIN) 39021
700 1# - ADDED ENTRY--PERSONAL NAME
Personal name Jaouen, Annick.
Relator term coautor
9 (RLIN) 39022
740 0# - ADDED ENTRY--UNCONTROLLED RELATED/ANALYTICAL TITLE
Uncontrolled related/analytical title Financement privé des équipements publics.
942 ## - ADDED ENTRY ELEMENTS (KOHA)
Source of classification or shelving scheme Dewey Decimal Classification
Koha item type Books
Existencias
Withdrawn status Lost status Source of classification or shelving scheme Damaged status Not for loan Home library Current library Shelving location Date acquired Source of acquisition Full call number Barcode Date last seen Copy number Price effective from Koha item type
    Dewey Decimal Classification     Biblioteca Pública José María del Castillo y Rada Biblioteca Pública José María del Castillo y Rada General Stacks 04/15/2018 Donación 330 / M383l 430002392 05/16/2024 Ej.1 03/10/2021 Books